| 000 | 01192nas a2200265 454500 | ||
|---|---|---|---|
| 001 | 19650 | ||
| 005 | 20260407193505.0 | ||
| 008 | 260407s1993####ag###########|||spa#d | ||
| 003 | AR-UNSa-BCEJYS | ||
| 040 |
_aAR-UNSa-BCEJYS _bspa _cAR-UNSa-BCEJYS |
||
| 080 |
_a02 _xBiblioteconomía. Bibliotecología |
||
| 245 | 1 | 0 | _aBoletín Infolac |
| 022 | _a0798-5037 | ||
| 264 | 1 |
_aCaracas : _bOrganización de las Naciones Unidas para la Educación, la Ciencia y la Cultura, Red de Información de América Latina y el Caribe _c1993 |
|
| 310 | _aFrecuencia: Trimestral Port: Boletín trimestral del programa regional para el fortalecimiento de la cooperación entre redes y sistemas nacionales de información para América Latina y el Caribe | ||
| 942 | _cSER | ||
| 590 | _aniveau_biblio:s niveau_hierar:1 | ||
| 100 | 1 | _aOrganización de las Naciones Unidas para la Educación, la Ciencia y la Cultura (UNESCO) | |
| 700 | 1 | _aFernández-Aballí, Isidro | |
| 650 | _aBiblioteca | ||
| 650 | _aAutomatización de bibliotecas | ||
| 650 | _aBase de datos | ||
| 650 | _aSISTEMAS DE INFORMACION | ||
| 856 | 4 | 1 |
_uhttps://biblioeco.unsa.edu.ar/pmb/images/revistas/Infolac.jpg _yImagen de portada _qimage/jpeg |
| 999 |
_c8530 _d8530 |
||